| 000 | 00560nam a2200217Ia 4500 | ||
|---|---|---|---|
| 003 | OSt | ||
| 005 | 20140311163141.0 | ||
| 008 | 140130s9999 xx 000 0 und d | ||
| 020 | _a9781597070553 | ||
| 050 |
_aPZ 7 _b.T717t4 2007 |
||
| 100 |
_aSalicrup, Jim _931376 |
||
| 245 |
_aSpies in space and spy Soccer / _cJim Salicrup. |
||
| 260 |
_bScholastic, _c2007. _aNew York : |
||
| 300 |
_a112 p .: _bcol. ill. ; _c18 cm. |
||
| 440 |
_v1 _aTotally spies _931377 |
||
| 521 | _aG5 | ||
| 526 | _c700 | ||
| 942 |
_cBK _2lcc |
||
| 999 |
_c41931 _d41931 |
||